| 000 | 00670nam a22001937a 4500 | ||
|---|---|---|---|
| 999 |
_c15473 _d15473 |
||
| 003 | AR-CdUCM | ||
| 008 | 190405b ||||| |||| 00| 0 spa d | ||
| 040 |
_aMUNICIPALIDAD PROVINCIAL DEL CUSCO _cBIBLIOTECA MUNICIPAL DEL CUSCO |
||
| 082 |
_a861.913 / _bG68 / 1919 |
||
| 100 |
_aGómez Carrillo, E _934557 |
||
| 245 | _aEl primer libro de las crónicas / | ||
| 260 |
_aMadrid : _bMundo latino, _c1919. |
||
| 300 |
_a276 paginas ; _c18 cm. |
||
| 505 | _aContenido : La psicología del viaje -- El ultimo café literario -- La dulce Thais -- El cubismo ... | ||
| 650 |
_aCrónicas _9247 |
||
| 650 |
_aLiteratura _983 |
||
| 942 |
_2ddc _cLIBROS |
||
| 945 |
_arah _d27/04/2019 |
||